00927nam a22003137i 4500001000800000003001000008007000500018008004100023040003500064041000800099043000700107084000700114110002200121245002500143264004000168300004200208336002700250337003300277338002800310500008700338505002400425505002900449505002400478505001500502650001300517650001300530650002000543773005000563B-11942CO-BoFNCPt|| 090612s2009 a f z d aCO-BoFNCPbspacCO-BoFNCPerda aeng agw aA-2 aISTA Mielke GmbH.10aChapter 1. Oilseeds. 1aHamburg :bISTA Mielke GmbH,c2009. apáginas 1-12 :bTablas, gráficos. atextobtxt2rdacontent asin mediaciónbn2rdamedia avolumenbnc2rdacarrier aGlobal analysis. All major oilseeds, oils and oilmeals. Supply, demand and prices.8 aChapter 1. Oilseeds8 aChapter 2. Oils and fats8 aChapter 3. Oilmeals8 aStatistics 0aAceites. 0aSemilla. 0aEstadísticas.0 aOil World Annual 2009gVolumen 1, p. 1-12wA-